<?xml version="1.0" encoding="UTF-8"?>
<record
    xmlns:xsi="http://www.w3.org/2001/XMLSchema-instance"
    xsi:schemaLocation="http://www.loc.gov/MARC21/slim http://www.loc.gov/standards/marcxml/schema/MARC21slim.xsd"
    xmlns="http://www.loc.gov/MARC21/slim">

  <leader>00601nam a2200193 a 4500</leader>
  <controlfield tag="001">38535</controlfield>
  <controlfield tag="003">BD-RjUL</controlfield>
  <controlfield tag="005">20211209052820.0</controlfield>
  <controlfield tag="008">151228b        bg ||||| |||| 00| 0 ben d</controlfield>
  <datafield tag="035" ind1=" " ind2=" ">
    <subfield code="a">(BD-RjUL)38640</subfield>
  </datafield>
  <datafield tag="040" ind1=" " ind2=" ">
    <subfield code="a">BD-RjUL</subfield>
    <subfield code="b">eng</subfield>
  </datafield>
  <datafield tag="082" ind1=" " ind2=" ">
    <subfield code="2">23</subfield>
    <subfield code="a">079.5492</subfield>
    <subfield code="b">DES</subfield>
  </datafield>
  <datafield tag="245" ind1=" " ind2=" ">
    <subfield code="a">&#x9A6;&#x9C8;&#x9A8;&#x9BF;&#x995; &#x9A6;&#x9C7;&#x9B6;/</subfield>
    <subfield code="c">&#x9B8;&#x9BE;&#x9A8;&#x9BE;&#x989;&#x9B2;&#x9CD;&#x9B2;&#x9BE;&#x9B9; &#x9A8;&#x9C2;&#x9B0;&#x9C0; </subfield>
  </datafield>
  <datafield tag="260" ind1=" " ind2=" ">
    <subfield code="a">&#x9A2;&#x9BE;&#x995;&#x9BE; :</subfield>
    <subfield code="b">&#x9B8;&#x9BE;&#x9A8;&#x9BE;&#x989;&#x9B2;&#x9CD;&#x9B2;&#x9BE;&#x9B9; &#x9A8;&#x9C2;&#x9B0;&#x9C0; </subfield>
  </datafield>
  <datafield tag="300" ind1=" " ind2=" ">
    <subfield code="a">8p.</subfield>
  </datafield>
  <datafield tag="650" ind1=" " ind2=" ">
    <subfield code="a">Daily Newspaper</subfield>
    <subfield code="z">Bangladesh</subfield>
    <subfield code="9">117503</subfield>
  </datafield>
  <datafield tag="700" ind1=" " ind2=" ">
    <subfield code="a">&#x9A8;&#x9C2;&#x9B0;&#x9C0;, &#x9B8;&#x9BE;&#x9A8;&#x9BE;&#x989;&#x9B2;&#x9CD;&#x9B2;&#x9BE;&#x9B9; </subfield>
    <subfield code="9">118949</subfield>
  </datafield>
  <datafield tag="942" ind1=" " ind2=" ">
    <subfield code="2">ddc</subfield>
    <subfield code="c">NP</subfield>
  </datafield>
  <datafield tag="999" ind1=" " ind2=" ">
    <subfield code="c">38535</subfield>
    <subfield code="d">38535</subfield>
  </datafield>
  <datafield tag="952" ind1=" " ind2=" ">
    <subfield code="0">0</subfield>
    <subfield code="1">0</subfield>
    <subfield code="2">ddc</subfield>
    <subfield code="4">0</subfield>
    <subfield code="7">1</subfield>
    <subfield code="a">RUCL</subfield>
    <subfield code="b">RUCL</subfield>
    <subfield code="c">NP</subfield>
    <subfield code="d">2015-12-28</subfield>
    <subfield code="h">V.1, Sep.-Oct. 1987</subfield>
    <subfield code="l">0</subfield>
    <subfield code="o">P 079.5492 DES V.1, Sep.-Oct. 1987</subfield>
    <subfield code="r">2015-12-28 00:00:00</subfield>
    <subfield code="t">C.1</subfield>
    <subfield code="w">2015-12-28</subfield>
    <subfield code="y">NP</subfield>
  </datafield>
</record>
